| 000 | 00498nam a2200181Ia 4500 | ||
|---|---|---|---|
| 008 | 180207s9999 xx 000 0 und d | ||
| 020 | _a9780439465106 | ||
| 050 | _bC367 2002 | ||
| 100 | _aCatrow, David | ||
| 245 | _aWe the kids : | ||
| 245 | _bthe preamble to the constitution of the United States / | ||
| 245 | _cillustrated and forwarded by David Catrow. | ||
| 260 | _aNew York : | ||
| 260 | _bScholastic, | ||
| 260 | _c2002 | ||
| 300 | _aunpaged : | ||
| 300 | _bcolor illustration ; | ||
| 999 |
_c355287 _d355287 |
||